|
|
|
|
| LEADER |
01111nam a2200313 a 4500 |
| 001 |
2746 |
| 003 |
BD-DhAAL |
| 005 |
20150915114129.0 |
| 008 |
150915s1998 miua b 001 0 eng |
| 010 |
|
|
|a 98153941
|
| 020 |
|
|
|a 8172247869
|
| 020 |
|
|
|a 081039314X
|
| 040 |
|
|
|a DLC
|c DLC
|d DLC
|d BD-DhAAL
|
| 050 |
0 |
0 |
|a GE10
|b .E58 1998
|
| 082 |
0 |
0 |
|a 363.7/003
|2 21
|
| 245 |
0 |
0 |
|a Environmental encyclopedia /
|c William P. Cunningham ... [et al.], editors.
|
| 250 |
|
|
|a 2nd ed.
|
| 260 |
|
|
|a Detroit :
|a Mumbai :
|b Gale,
|b Jaico Publishing House,
|c 1999.
|
| 300 |
|
|
|a xxiv, 1196 p. :
|b ill. ;
|c 29 cm.
|
| 500 |
|
|
|a "1072-5083"--T.p. verso.
|
| 504 |
|
|
|a Includes bibliographical references and index.
|
| 541 |
|
|
|e 2746
|
| 650 |
|
0 |
|a Environmental sciences
|x Encyclopedias.
|9 14660
|
| 650 |
|
0 |
|a Ecology
|x Encyclopedias.
|9 14661
|
| 650 |
|
0 |
|a Earth sciences
|x Encyclopedias.
|9 14662
|
| 700 |
1 |
|
|a Cunningham, William P.
|9 10470
|
| 942 |
|
|
|2 ddc
|c BK
|
| 999 |
|
|
|c 35538
|d 35538
|
| 952 |
|
|
|0 0
|1 0
|2 ddc
|4 0
|6 363_700000000000000_003_ENV
|7 0
|9 55895
|a SCL
|b SCL
|c GEN
|d 2015-09-15
|l 0
|o 363.7003 ENV
|p 3020002746
|r 2015-09-15
|t 1
|w 2015-09-15
|y BK
|